| 000 | 00529nam a22001817a 4500 | ||
|---|---|---|---|
| 999 |
_c167329 _d167329 |
||
| 010 | _aENG-126340 | ||
| 020 |
_a978-93-86191-32-8 _c325.00 |
||
| 035 | _aEN-109872 | ||
| 037 | _aDBAD/PUB | ||
| 082 | _aN | ||
| 100 | _aPrabhakar,Madhur | ||
| 245 |
_a90 God Days/ _cBy Madhur Prabhaker |
||
| 260 |
_bPublished By LiFi _c2018 _aDelhi |
||
| 270 |
_a211, 2nd Floor, Gangandeep 12,Rajendra Place _bDelhi _e110008 _minfo@lifipublications.com |
||
| 300 |
_a251p. _b21cm.(hb) |
||
| 650 | _aEnglish Novel | ||
| 942 |
_2ddc _cEN _hN _mPRA |
||